| 000 | 00436nam a22001337a 4500 | ||
|---|---|---|---|
| 008 | 161007b xxu||||| |||| 00| 0 eng d | ||
| 020 | _a9780538435901 | ||
| 050 | _aHF 5351 .E94 2004 | ||
| 100 |
_aEverard,Kenneth E. _d2004 |
||
| 245 |
_aBusiness principles and management. _cKenneth E.Everard |
||
| 260 |
_aAustralia: _bThomson, _c2004. |
||
| 300 |
_axiii,722p. _bincludes index |
||
| 942 |
_2lcc _cBOOKS _hHF 5351 .E94 2004 |
||
| 999 |
_c14739 _d14739 |
||